Řady

Guardado en:
Detalles Bibliográficos
Autor principal: Holenda, Jiří
Formato: Libro
Lenguaje:checo
Publicado: Praha Stát. nakl. techn. lit. 1990
Edición:1. vyd.
Colección:Matematika pro Vysoké školy technické Sešit 12
Etiquetas: Agregar Etiqueta
Sin Etiquetas, Sea el primero en etiquetar este registro!

MARC

LEADER 00000nam a2200000 4500
001 c037492
005 20221215120617.9
041 0 |a cze 
044 |a CZ 
245 1 0 |a Řady  |c Jiří Holenda 
250 |a 1. vyd. 
264 1 |a Praha  |b Stát. nakl. techn. lit.  |c 1990 
300 |a 204 s. 
490 1 |a Matematika pro Vysoké školy technické  |v Sešit 12 
830 0 |a Matematika pro Vysoké školy technické  |v Sešit 12 
100 1 |a Holenda, Jiří